Microbial utilization on renewable resources
Đã lưu trong:
| 格式: | 圖書 |
|---|---|
| 語言: | Undetermined |
| 出版: |
Osaka
Osaka University
1980
|
| 主題: | |
| 標簽: |
添加標簽
沒有標簽, 成為第一個標記此記錄!
|
| Thư viện lưu trữ: | Trung tâm Học liệu Trường Đại học Cần Thơ |
|---|
| LEADER | 00445nam a2200157Ia 4500 | ||
|---|---|---|---|
| 001 | CTU_99074 | ||
| 008 | 210402s9999 xx 000 0 und d | ||
| 082 | |a 660.62 | ||
| 082 | |b M626/Vol.1 | ||
| 245 | 0 | |a Microbial utilization on renewable resources | |
| 260 | |a Osaka | ||
| 260 | |b Osaka University | ||
| 260 | |c 1980 | ||
| 650 | |a Industrial microbiology,Fermentation | ||
| 904 | |i Truc | ||
| 980 | |a Trung tâm Học liệu Trường Đại học Cần Thơ | ||